|
|
|
|
| LEADER |
00000csc a2200000 a 4500 |
| 001 |
65629 |
| 005 |
20230308210729.0 |
| 008 |
993101|1976 ||||||||r|||||||||||spa|| |
| 020 |
|
|
|a 8427603509
|
| 040 |
|
|
|b spa
|
| 041 |
1 |
|
|a spa
|
| 082 |
0 |
|
|a 860.9
|
| 100 |
1 |
|
|a Simons, Edison0
|9 289460
|
| 245 |
|
|
|a Discurso del Sr. Juan de Herrera aposentador mayor de SM sobre la figura cúbica
|c Edison Simons y Roberto Godoy
|h imp
|
| 264 |
|
|
|a Madrid
|b Editora Nacional
|c 1976
|
| 300 |
|
|
|a 508 páginas:
|c 20,5 cm
|
| 490 |
|
|
|a Biblioteca de visionarios heterodoxos y marginados
|
| 650 |
1 |
|
|a Literatura española
|9 218293
|
| 650 |
1 |
|
|a Religion
|
| 650 |
1 |
|
|a Heterodoxos
|9 289461
|
| 852 |
|
|
|a UC-CDJBV
|c TERCER PISO
|f Compra
|k npena
|l 1
|m General
|p 19931013
|q 30,00
|r 8
|t 65629
|b 0
|d CDRC
|e CDRC
|g 860.9 TERCER PISO
|z 1993-31-01
|
| 942 |
|
|
|
| 999 |
|
|
|c 116263
|d 116263
|